| 000 | 00372nam a2200157Ia 4500 | ||
|---|---|---|---|
| 005 | 20250404074448.0 | ||
| 008 | 240331s9999 xx 000 0 und d | ||
| 020 | _a9559478001 | ||
| 082 |
_bSUB _a894 |
||
| 100 | _aSubaththiran, | ||
| 245 | 0 | _aSubaththiran kavithaigal | |
| 260 |
_aBatticaloa _bPoovarasakulam _c1997 |
||
| 300 | _a148 p ., | ||
| 650 | _aPoems | ||
| 942 | _cL | ||
| 999 |
_c4163 _d4163 |
||